Trainer der Fußball Bundesliga - Statistiken

Allgemein
  • Dieses Quiz wurde 1.017 mal gespielt
    249 seit der letzten Aktualisierung
  • Das Durchschnittsergebnis liegt bei 13 aus 18
Antwortstatistiken
Verein Antwort % Korrekt
FC Bayern München Vincent Kompany
99%
Borussia Dortmund Niko Kovac
97%
Bayer 04 Leverkusen Xabi Alonso
95%
RB Leipzig Marco Rose
90%
VfB Stuttgart Sebastian Hoeneß
87%
SV Werder Bremen Ole Werner
84%
1. FC Union Berlin Steffen Baumgart
82%
Eintracht Frankfurt Dino Toppmöller
81%
Borussia Mönchengladbach Gerardo Seoane
81%
FC Heidenheim Frank Schmidt
80%
SC Freiburg Julian Schuster
73%
VfL Bochum Dieter Hecking
68%
VfL Wolfsburg Ralph Hasenhüttl
62%
1. FSV Mainz 05 Bo Henriksen
61%
TSG 1899 Hoffenheim Christian Ilzer
51%
Holstein Kiel Marcel Rapp
51%
FC St. Pauli Alexander Blessin
49%
FC Augsburg Jess Thorup
42%
Keine übereinstimmenden Quizze gefunden
Verteilung der Resultate
Anzahl Personen mit jedem Resultat
Perzentil nach korrekt beantworteten Fragen
Ihre Resultats-Entwicklung
Sie haben dieses Quiz seit der letzten Aktualisierung nicht gespielt